000 01065nam a2200337 i 4500
999 _c200436628
_d54840
001 200436628
003 TR-AnTOB
005 20230729001309.0
007 ta
008 191109s2019 tu bd b 000 0 tur d
020 _a9786057822031
040 _aTR-AnTOB
_beng
_erda
_cTR-AnTOB
_dTR-AnTOB
041 0 _atur
050 1 4 _aHV6433.T9
090 _aHV6433.T9
_bE73 2019
100 1 _aErdoğan, İhsan
_eauthor
_986073
245 1 0 _aPKK / KCK terör örgütü :
_bİran, Irak, Suriye silahlı yapılanması /
_cİhsan Erdoğan.
250 _a1. baskı :
264 1 _aAnkara :
_bPolis akademisi yayınları,
_c2019.
264 4 _c©2019
300 _a172 pages :
_billustrations ;
_c21 cm
336 _2rdacontent
_atext
_btxt
337 _2rdamedia
_aunmediated
_bn
338 _2rdacarrier
_avolume
_bnc
490 0 _aPolis akademisi yayınları ;
_v76
504 _aIncludes bibliographical references (pages 166-172).
590 _aDonated by Police Academy.
650 0 _aTerörizm
_zTürkiye
_917453
942 _2lcc
_cBK